000 00626nam a2200205Ii 4500
003 JO-AjNU
008 230605s9999||||xx |||||||||||||| ||und||
017 _a2004/18778
040 _aJO-AjNU
_bara
_erda
_cJO-AjNU
041 _aara
050 1 4 _aJC143.M2.2004
100 3 _aمكيافيللى، المؤلف /مؤمن، أكرم ،ترجمة,
_eauthor
_940345
245 0 0 _aكتاب الأمير
250 _a(د،ط)
264 3 1 _aالقاهرة : مكتبة ابن سينا ،2004
300 _a127ص
336 _atext
_btxt
_2rdacontent
337 _aunmediated
_bn
_2rdamedia
338 _avolume
_bnc
_2rdacarrier
999 _aA17113
_c20681
_d20681